[Event "4NCL Division Three Bishops"]
[Site "Warwick, ENG"]
[Date "2024.03.10"]
[Round "8.32"]
[White "Pal, Rohan"]
[Black "Duncan, Patrick C M"]
[Result "1/2-1/2"]
[WhiteElo "2123"]
[BlackElo "2100"]
[PlyCount "71"]
[EventDate "2024.03.10"]
[WhiteTeam "Warwickshire Select 2"]
[BlackTeam "The MASCeteers"]

1. c4 Nf6 2. g3 c6 3. Nf3 d5 4. b3 Bf5 5. Bg2 e6 6. O-O h6 7. Bb2 Nbd7 8. d3
Be7 9. Nbd2 O-O 10. a3 a5 11. Ra2 Bh7 12. Qa1 Ne8 13. Rc1 Bf6 14. Ne5 Bxe5 15.
Bxe5 Nxe5 16. Qxe5 Nf6 17. Rac2 Re8 18. h3 Qe7 19. Qb2 Red8 20. Nf3 Qd6 21. b4
axb4 22. axb4 Ra4 23. c5 Qc7 24. Ra1 Rda8 25. Rxa4 Rxa4 26. Qb3 Ra1+ 27. Kh2
Nd7 28. Ra2 Rxa2 29. Qxa2 Kf8 30. Qa8+ Qb8 31. Qa4 Ke7 32. d4 Be4 33. b5 cxb5
34. Qxb5 Qc7 35. Qb4 Ke8 36. Qb5 1/2-1/2

[Event "4NCL Division Three Bishops"]
[Site "Warwick, ENG"]
[Date "2024.03.10"]
[Round "8.33"]
[White "Dos Santos Silva, Bruno Alexandre"]
[Black "Vaidyanathan, Adithya"]
[Result "1-0"]
[WhiteElo "1799"]
[BlackElo "2186"]
[PlyCount "59"]
[EventDate "2024.03.10"]
[WhiteTeam "The MASCeteers"]
[BlackTeam "Warwickshire Select 2"]

1. d4 Nf6 2. Nc3 d5 3. Bf4 g6 4. e3 Bg7 5. h4 h5 6. Nf3 Bg4 7. Qd2 Bxf3 8. gxf3
c6 9. O-O-O b5 10. Kb1 O-O 11. Bd3 e6 12. Rhg1 Nbd7 13. e4 b4 14. Ne2 a5 15. e5
Ne8 16. Bh6 Ra7 17. Bxg7 Nxg7 18. Qh6 Re8 19. Nf4 Nf8 20. Nxh5 Nxh5 21. Qxh5 b3
22. cxb3 a4 23. bxa4 Rxa4 24. Bxg6 fxg6 25. Rxg6+ Nxg6 26. Qxg6+ Kf8 27. Qh6+
Kf7 28. Qh7+ Kf8 29. Rg1 Re7 30. Rg8# 1-0

[Event "4NCL Division Three Bishops"]
[Site "Warwick, ENG"]
[Date "2024.03.10"]
[Round "8.34"]
[White "Mason, Donald J"]
[Black "Vaidyanathan, Sathya"]
[Result "0-1"]
[WhiteElo "2066"]
[BlackElo "1797"]
[PlyCount "80"]
[EventDate "2024.03.10"]
[WhiteTeam "Warwickshire Select 2"]
[BlackTeam "The MASCeteers"]

1. e4 e5 2. Nf3 Nc6 3. Bc4 Bc5 4. c3 Nf6 5. d4 exd4 6. b4 Bb6 7. e5 d5 8. exf6
dxc4 9. Qe2+ Be6 10. b5 Na5 11. fxg7 Rg8 12. O-O d3 13. Qe5 Qd6 14. Qf6 Qe7 15.
Qh6 f6 16. Re1 O-O-O 17. Ba3 Qf7 18. Bf8 Rd5 19. Nbd2 Bc5 20. Bxc5 Rxc5 21. Qe3
Re5 22. Nxe5 fxe5 23. Qxe5 Bd7 24. Re3 Rxg7 25. Rae1 Rg8 26. Rf3 Qg6 27. Rg3
Qf7 28. Rxg8+ Qxg8 29. Re3 b6 30. Rg3 Qf8 31. Qd5 c6 32. bxc6 Bxc6 33. Rg8 Bxd5
34. Rxf8+ Kd7 35. Rh8 Nc6 36. Rxh7+ Kd6 37. h4 b5 38. h5 b4 39. Nb1 d2 40. Rh6+
Kc7 0-1

[Event "4NCL Division Three Bishops"]
[Site "Warwick, ENG"]
[Date "2024.03.10"]
[Round "8.35"]
[White "Walner, Milenko"]
[Black "Fellowes, Billy"]
[Result "0-1"]
[WhiteElo "1794"]
[BlackElo "2102"]
[PlyCount "100"]
[EventDate "2024.03.10"]
[WhiteTeam "The MASCeteers"]
[BlackTeam "Warwickshire Select 2"]

1. e4 Nc6 2. Nf3 d6 3. d4 Nf6 4. Nc3 g6 5. Bb5 a6 6. Bxc6+ bxc6 7. e5 Nd5 8.
Bd2 Bg7 9. Qe2 O-O 10. Ne4 a5 11. a3 Ba6 12. c4 Nb6 13. b3 a4 14. Ba5 axb3 15.
Bxb6 cxb6 16. Ned2 d5 17. Nxb3 dxc4 18. Nc1 Qd5 19. Qe3 Qa5+ 20. Kf1 Rfd8 21.
Ne2 c5 22. h4 cxd4 23. Nexd4 Qc5 24. h5 Bxe5 25. hxg6 Bxd4 26. gxf7+ Kf8 27.
Qh6+ Kxf7 28. Nxd4 Qxd4 29. Qh5+ Ke6 30. Re1+ Kd6 31. Rd1 c3+ 32. Kg1 Bd3 33.
Rh3 Kc6 34. Rdxd3 Qxd3 35. Rxd3 Rxd3 36. Qxh7 Rad8 37. Qe4+ R8d5 38. Qc4+ Kb7
39. g3 b5 40. Qb4 c2 41. Qxe7+ Rd7 42. Qc5 Rd1+ 43. Kg2 c1=Q 44. Qxb5+ Kc8 45.
Qa6+ Kc7 46. Qc4+ Kd6 47. Qb4+ Qc5 48. Qf4+ Kc6 49. Qa4+ Qb5 50. Qc2+ Kb7 0-1

[Event "4NCL Division Three Bishops"]
[Site "Warwick, ENG"]
[Date "2024.03.10"]
[Round "8.36"]
[White "Patel, Keatan"]
[Black "Drugan, Mark A"]
[Result "1/2-1/2"]
[WhiteElo "1939"]
[BlackElo "1752"]
[PlyCount "150"]
[EventDate "2024.03.10"]
[WhiteTeam "Warwickshire Select 2"]
[BlackTeam "The MASCeteers"]

1. e4 e5 2. Nf3 Nc6 3. Bb5 a6 4. Ba4 Nf6 5. d3 Bc5 6. c3 b5 7. Bc2 d6 8. O-O
O-O 9. Nbd2 Re8 10. h3 d5 11. exd5 Nxd5 12. Nxe5 Nxe5 13. d4 Bd6 14. dxe5 Bxe5
15. Re1 Bf6 16. Ne4 Be6 17. Nc5 Qd6 18. Nxe6 Rxe6 19. Rxe6 Qxe6 20. Bd2 Rd8 21.
Qf3 c6 22. Re1 Qd6 23. Qe4 g6 24. Bh6 Bg7 25. Qe8+ Rxe8 26. Rxe8+ Bf8 27. Rxf8+
Qxf8 28. Bxf8 Kxf8 29. Be4 Ke7 30. Bxd5 cxd5 31. Kf1 Kd6 32. Ke2 Ke5 33. Ke3 f6
34. f4+ Ke6 35. Kd4 Kd6 36. b3 a5 37. a4 bxa4 38. bxa4 h6 39. g4 h5 40. f5 hxg4
41. fxg6 gxh3 42. g7 h2 43. g8=Q h1=Q 44. Qd8+ Ke6 45. Qc8+ Kd6 46. Qc5+ Ke6
47. Qc6+ Ke7 48. Qc7+ Ke6 49. Qb6+ Ke7 50. Qb7+ Ke6 $11 51. Qc8+ Kd6 52. Qd8+
Ke6 53. Kc5 Qg1+ 54. Kc6 Qa7 55. Qxd5+ Ke7 56. Qd6+ Kf7 57. Qd5+ Ke7 58. Qe4+
Kf8 59. Kb5 Qc7 60. Qa8+ Ke7 61. Qxa5 Qe5+ 62. Kb6 Qb8+ 63. Kc6 Qd6+ 64. Kb7
Qd7+ 65. Qc7 f5 66. Qxd7+ Kxd7 67. a5 f4 68. a6 f3 69. a7 f2 70. a8=Q f1=Q 71.
Qa4+ Kd6 72. Qd4+ Ke7 73. c4 Qf3+ 74. Qd5 Qxd5+ 75. cxd5 Kd6 1/2-1/2

[Event "4NCL Division Three Bishops"]
[Site "Warwick, ENG"]
[Date "2024.03.10"]
[Round "8.41"]
[White "Eden, Tomer"]
[Black "Shaw, Peter"]
[Result "1/2-1/2"]
[WhiteElo "2154"]
[BlackElo "2036"]
[PlyCount "56"]
[EventDate "2024.03.10"]
[WhiteTeam "Barnet Knights B"]
[BlackTeam "Chessable White Rose 3"]

1. d4 e6 2. c4 b6 3. e4 Bb7 4. Bd3 Nc6 5. Ne2 Nb4 6. Nbc3 Nxd3+ 7. Qxd3 g6 8.
O-O Bg7 9. f4 f5 10. exf5 exf5 11. Re1 Nf6 12. Ng3+ Kf7 13. d5 Re8 14. Bd2
Rxe1+ 15. Rxe1 Qf8 16. Nb5 Ng4 17. b4 Qd8 18. d6 c5 19. Re7+ Kg8 20. bxc5 bxc5
21. Bc3 Nf6 22. Nc7 Rc8 23. Qe2 Qf8 24. Nf1 Bh6 25. Qe5 Bg7 26. Qe2 Bh6 27. Qe5
Bg7 28. Qe2 Bh6 $11 1/2-1/2

[Event "4NCL Division Three Bishops"]
[Site "Warwick, ENG"]
[Date "2024.03.10"]
[Round "8.42"]
[White "Burnett, Jim"]
[Black "Ethelontis, Alexandros N"]
[Result "1-0"]
[WhiteElo "2020"]
[BlackElo "2041"]
[PlyCount "101"]
[EventDate "2024.03.10"]
[WhiteTeam "Chessable White Rose 3"]
[BlackTeam "Barnet Knights B"]

1. d4 Nf6 2. c4 c5 3. Nf3 cxd4 4. Nxd4 e5 5. Nb5 d5 6. cxd5 Bc5 7. N5c3 O-O 8.
e3 Bf5 9. Be2 Nbd7 10. Nd2 Bb4 11. O-O Bxc3 12. bxc3 Nxd5 13. Bb2 N5b6 14. Ba3
Re8 15. Rc1 Rc8 16. c4 Nc5 17. Bxc5 Rxc5 18. Nb3 Rc7 19. c5 Nd7 20. Qd2 Qe7 21.
Qa5 Rec8 22. Qxa7 b6 23. cxb6 Rxa7 24. Rxc8+ Nf8 25. bxa7 Qxa7 26. Rc5 Qxa2 27.
Rxe5 Qxb3 28. Rxf5 Qc2 29. Bg4 g6 30. Rf4 h5 31. Bf3 Ne6 32. Rb4 Ng5 33. Bd5
Qc8 34. Rd4 Kg7 35. h4 Nh7 36. Rb1 Nf6 37. Bf3 Qf5 38. Ra1 Kh6 $11 39. Rf4 Qe6
40. g3 Kg7 41. Kg2 Qe5 42. Rc1 Ng8 43. Rd4 Nf6 44. Rb1 Qf5 45. Rb6 Qc8 46. Rf4
Nd7 47. Rb5 Nf6 48. Rbb4 Qe6 49. Rfd4 Nd7 50. Bd5 Qe7 51. Rb7 1-0

[Event "4NCL Division Three Bishops"]
[Site "Warwick, ENG"]
[Date "2024.03.10"]
[Round "8.43"]
[White "Pang, Ethan"]
[Black "Arnott, Jonathan W"]
[Result "0-1"]
[WhiteElo "1995"]
[BlackElo "2100"]
[PlyCount "116"]
[EventDate "2024.03.10"]
[WhiteTeam "Barnet Knights B"]
[BlackTeam "Chessable White Rose 3"]

1. e4 e6 2. d4 d5 3. Bd3 dxe4 4. Bxe4 Nf6 5. Bf3 c5 6. Ne2 Nc6 7. Be3 cxd4 8.
Nxd4 Ne5 9. Nc3 a6 10. O-O Be7 11. Nb3 O-O 12. Qxd8 Nxf3+ 13. gxf3 Rxd8 14. Na4
Nd5 15. Rfd1 e5 16. Rxd5 Rxd5 17. Nb6 Rd8 18. Nxa8 Bf5 19. Nb6 Bxc2 20. Rc1
Bxb3 21. axb3 f5 22. f4 exf4 23. Bxf4 g5 24. Be5 Kf7 25. Rc7 Ke6 26. Nc4 b5 27.
Na5 Rd1+ 28. Kg2 Bd8 29. Rc5 Bxa5 30. Bc3 Bxc3 31. bxc3 h5 32. Rc6+ Rd6 33. Rc5
Rd5 34. Rc6+ Rd6 35. Rc5 h4 36. h3 Kf6 37. Kf3 Rd3+ 38. Kg2 Ke6 39. b4 g4 40.
hxg4 fxg4 41. Rg5 Rxc3 42. Rxg4 h3+ 43. Kh2 Rf3 44. Rg6+ Kd5 45. Rxa6 Kc4 46.
Kg1 h2+ 47. Kxh2 Rxf2+ 48. Kg1 Rf5 49. Ra3 Kxb4 50. Re3 Ka4 51. Re8 b4 52. Ra8+
Kb3 53. Kg2 Kb2 54. Kg3 b3 55. Rb8 Ka2 56. Ra8+ Kb1 57. Rc8 b2 58. Rb8 Ra5 0-1

[Event "4NCL Division Three Bishops"]
[Site "Warwick, ENG"]
[Date "2024.03.10"]
[Round "8.44"]
[White "Wills, Tom"]
[Black "Horan, George"]
[Result "1-0"]
[WhiteElo "1928"]
[BlackElo "1957"]
[PlyCount "73"]
[EventDate "2024.03.10"]
[WhiteTeam "Chessable White Rose 3"]
[BlackTeam "Barnet Knights B"]

1. e4 e5 2. Nf3 Nc6 3. Bc4 Nf6 4. d3 Bc5 5. c3 d6 6. b4 Bb6 7. a4 a6 8. O-O h6
9. Qb3 O-O 10. h3 Qe7 11. Nbd2 Be6 12. Ba3 Nh5 13. Bxe6 fxe6 14. Qd1 Qf6 15.
Nc4 Nf4 16. Nxb6 cxb6 17. b5 Ne7 18. Bxd6 Neg6 19. Bxf8 Rxf8 20. bxa6 bxa6 21.
d4 Nxh3+ 22. gxh3 Qxf3 23. Qxf3 Rxf3 24. d5 exd5 25. exd5 Nf4 26. Rfe1 Nxd5 27.
c4 Nf4 28. Re3 Rxh3 29. Rxh3 Nxh3+ 30. Kf1 Ng5 31. Rb1 Ne4 32. Rxb6 Nd2+ 33.
Ke2 Nxc4 34. Rxa6 h5 35. Rc6 Nb2 36. a5 e4 37. a6 1-0

[Event "4NCL Division Three Bishops"]
[Site "Warwick, ENG"]
[Date "2024.03.10"]
[Round "8.45"]
[White "Gagan B R"]
[Black "Holroyd-Doveton, Nathaniel"]
[Result "1-0"]
[WhiteElo "1961"]
[BlackElo "1706"]
[PlyCount "41"]
[EventDate "2024.03.10"]
[WhiteTeam "Barnet Knights B"]
[BlackTeam "Chessable White Rose 3"]

1. d4 e6 2. Bf4 c5 3. e3 cxd4 4. exd4 Qb6 5. Bc1 Nf6 6. Nf3 Nc6 7. c3 Be7 8.
Bd3 d5 9. O-O O-O 10. Re1 Bd7 11. Nbd2 Rfc8 12. Qe2 Qd8 13. Nf1 a6 14. Ng3 Na5
15. Ne5 b5 16. Nh5 Nxh5 17. Bxh7+ Kxh7 18. Qxh5+ Kg8 19. Qxf7+ Kh8 20. Nxd7 Qe8
21. Qxe6 1-0

[Event "4NCL Division Three Bishops"]
[Site "Warwick, ENG"]
[Date "2024.03.10"]
[Round "8.46"]
[White "Gillett, John"]
[Black "Kirupakaran, Vishnu"]
[Result "1/2-1/2"]
[WhiteElo "1668"]
[BlackElo "1866"]
[PlyCount "113"]
[EventDate "2024.03.10"]
[WhiteTeam "Chessable White Rose 3"]
[BlackTeam "Barnet Knights B"]

1. d4 f5 2. Nc3 Nf6 3. Bg5 e6 4. e4 fxe4 5. Nxe4 Be7 6. Bxf6 Bxf6 7. Nf3 b6 8.
Bd3 Bb7 9. c3 Qe7 10. Qc2 c5 11. dxc5 bxc5 12. g4 Nc6 13. g5 Be5 14. Nxe5 Nxe5
15. O-O-O O-O 16. Rhe1 Nf3 17. Re3 d5 18. Nxc5 Qxc5 19. Bxh7+ Kh8 20. Qg6 d4
21. Rxf3 Rxf3 22. Qh5 g6 23. Bxg6+ Kg8 24. Qh7+ Kf8 25. Qxb7 Qxg5+ 26. Rd2 Qg1+
27. Rd1 Qg5+ 28. Kc2 Rxf2+ 29. Kb3 Rd8 30. Qb4+ Kg7 31. Be4 a5 32. Qb7+ Rf7 33.
Qb6 e5 34. Qxa5 Rb8+ 35. Ka4 Rxb2 36. Ka3 dxc3 37. Qxc3 Rbf2 38. Rd5 Qe7+ 39.
Qc5 Qxc5+ 40. Rxc5 Ra7+ 41. Kb3 Kf6 42. Rc6+ Kg5 43. a4 Rxh2 44. Rc5 Kf4 45.
Rc4 Ke3 46. Kb4 Rh4 47. Bd5 Rxc4+ 48. Bxc4 Kd4 49. Bf1 Rb7+ 50. Bb5 e4 51. a5
e3 52. a6 Rxb5+ 53. Kxb5 e2 54. a7 e1=Q 55. a8=Q Qb1+ 56. Ka6 Qa2+ 57. Kb7
1/2-1/2

[Event "4NCL Division Three Bishops"]
[Site "Warwick, ENG"]
[Date "2024.03.10"]
[Round "8.51"]
[White "Truran, Michael C"]
[Black "Day, Thomas W"]
[Result "0-1"]
[WhiteElo "2124"]
[BlackElo "1983"]
[PlyCount "75"]
[EventDate "2024.03.10"]
[WhiteTeam "Brown Jack"]
[BlackTeam "Oxford 2"]

1. d4 d5 2. c4 e6 3. cxd5 exd5 4. Nc3 Nf6 5. Bg5 Be7 6. e3 O-O 7. Bd3 h6 8. Bf4
c6 9. h3 Be6 10. Nge2 Nh5 11. Bh2 f5 12. Nf4 Nxf4 13. Bxf4 Nd7 14. Qc2 b5 15.
g4 fxg4 16. hxg4 Rxf4 17. exf4 Bxg4 18. Bf5 Bxf5 19. Qxf5 b4 20. Ne2 Nf6 21.
Qe6+ Kf8 22. Ng3 Qa5 23. Nf5 Re8 24. Kf1 Qa6+ 25. Kg2 Bc5 26. Qxe8+ Nxe8 27.
dxc5 Qc4 28. Nd6 Nxd6 29. cxd6 Qxf4 30. Rhe1 Qxd6 31. Re3 Qg6+ 32. Kf1 Qc2 33.
Re2 Qc4 34. b3 Qc3 35. Rae1 a5 36. Kg1 d4 37. Re8+ Kf7 38. Rd8 0-1

[Event "4NCL Division Three Bishops"]
[Site "Warwick, ENG"]
[Date "2024.03.10"]
[Round "8.52"]
[White "Davis, Cameron"]
[Black "Ogunshola, Ben"]
[Result "1/2-1/2"]
[WhiteElo "1925"]
[BlackElo "2027"]
[PlyCount "93"]
[EventDate "2024.03.10"]
[WhiteTeam "Oxford 2"]
[BlackTeam "Brown Jack"]

1. e4 c5 2. Nf3 d6 3. Bb5+ Nd7 4. c3 Ngf6 5. Bd3 b6 6. O-O Bb7 7. Re1 Qc7 8. c4
Ne5 9. Nxe5 dxe5 10. Nc3 e6 11. Bf1 Be7 12. d3 O-O 13. Qf3 a6 14. Qg3 Kh8 15.
Bg5 $11 Ng8 16. Bd2 Bd6 17. Qh4 Ne7 18. Qh5 Ng6 19. Bg5 f6 20. Bd2 Bc6 21. a4
Be8 22. Qd1 Ne7 23. Re3 Nc6 24. Rh3 Nd4 25. Ne2 f5 26. Nxd4 exd4 27. exf5 exf5
28. Be2 Bd7 29. Bf3 Rae8 30. Bd5 $11 g6 31. Bh6 $11 f4 32. Bxf8 Bxf8 33. Rf3
Bg4 34. Qd2 Bxf3 35. Bxf3 Qe5 36. Kf1 a5 37. Re1 Qxe1+ 38. Qxe1 Rxe1+ 39. Kxe1
$11 Kg7 40. Ke2 Bd6 41. h3 Kf6 42. Bd5 Ke5 43. Be4 Be7 44. b3 Bh4 45. Kf3 Be7
46. Ke2 Bd6 47. Kf3 1/2-1/2

[Event "4NCL Division Three Bishops"]
[Site "Warwick, ENG"]
[Date "2024.03.10"]
[Round "8.53"]
[White "Headlong, Timothy"]
[Black "Chua, Chee Sian Sebastien"]
[Result "1-0"]
[WhiteElo "2045"]
[BlackElo "1925"]
[PlyCount "101"]
[EventDate "2024.03.10"]
[WhiteTeam "Brown Jack"]
[BlackTeam "Oxford 2"]

1. Nf3 c5 2. c4 Nc6 3. d4 cxd4 4. Nxd4 Nf6 5. Nc3 e6 6. g3 Qb6 7. Nb3 Ne5 8.
Bg2 Nxc4 9. e4 Be7 10. Qe2 Ne5 11. f4 Nc6 12. e5 Ng8 13. Be3 Qd8 14. Rd1 Nh6
15. O-O Nf5 16. Bf2 O-O 17. Rd2 Qe8 18. Nb5 Rb8 19. Rfd1 Qd8 20. Be4 a6 21. Nc3
Nh6 22. Nc5 Qa5 23. Nxd7 Bxd7 24. Rxd7 Bb4 25. Qc2 Ng4 26. Bxh7+ Kh8 27. Ne4
Nxf2 28. Nxf2 Qc5 29. Qxc5 Bxc5 30. Be4 Bb6 31. Kg2 Kg8 32. Bxc6 bxc6 33. Ne4
Ba5 34. b3 Bb4 35. Rc7 Ba3 36. Rdd7 Rbd8 37. Rxd8 Rxd8 38. Rxc6 a5 39. Ra6 Bb4
40. Ra7 Rd3 41. Kh3 Re3 42. Ng5 g6 43. Nxf7 Re2 44. a3 Bxa3 45. Nh6+ Kh8 46.
Rxa5 Bb4 47. Rb5 Bc3 48. Ng4 Kg7 49. Rb7+ Kf8 50. Kh4 g5+ 51. Kxg5 1-0

[Event "4NCL Division Three Bishops"]
[Site "Warwick, ENG"]
[Date "2024.03.10"]
[Round "8.54"]
[White "Hariharan, Shambavi"]
[Black "Rabbitt, Michael"]
[Result "1/2-1/2"]
[WhiteElo "1972"]
[BlackElo "1944"]
[PlyCount "64"]
[EventDate "2024.03.10"]
[WhiteTeam "Oxford 2"]
[BlackTeam "Brown Jack"]

1. d4 Nf6 2. c4 e6 3. g3 d5 4. Bg2 c6 5. Nf3 Nbd7 6. O-O Be7 7. Qc2 O-O 8. Nbd2
Re8 9. b3 Qc7 10. e4 dxe4 11. Nxe4 Nxe4 12. Qxe4 h6 13. Bb2 b6 14. Rac1 Bb7 15.
Ne5 Nxe5 16. Qxe5 Qxe5 17. dxe5 Red8 18. Rfd1 Bc5 19. Kf1 Kf8 20. a3 a5 21. Ke2
Ke7 22. Ra1 Rxd1 23. Rxd1 Rd8 24. Rxd8 Kxd8 25. a4 Kc7 26. Bc3 Bc8 27. Be4 Bd7
28. f4 h5 29. h3 g6 30. g4 hxg4 31. hxg4 Ba3 32. Kf3 Bc8 1/2-1/2

[Event "4NCL Division Three Bishops"]
[Site "Warwick, ENG"]
[Date "2024.03.10"]
[Round "8.55"]
[White "Headlong, Fenella"]
[Black "Dickinson, Tim R"]
[Result "0-1"]
[WhiteElo "1774"]
[BlackElo "2014"]
[PlyCount "102"]
[EventDate "2024.03.10"]
[WhiteTeam "Brown Jack"]
[BlackTeam "Oxford 2"]

1. e4 c6 2. d4 d5 3. exd5 cxd5 4. Bd3 Nf6 5. c3 Bg4 6. Qb3 Qc7 7. h3 Bh5 8. Ne2
Nc6 9. Bf4 Qd7 10. O-O e6 11. Nd2 Be7 12. Ng3 O-O 13. Rae1 Bg6 14. Bxg6 hxg6
15. Nf3 Bd6 16. Bxd6 Qxd6 17. Ne5 Ne7 18. Re2 Rab8 19. Rfe1 b5 20. Qc2 b4 21.
Qd3 bxc3 22. bxc3 Rb7 23. c4 dxc4 24. Nxc4 Qa6 25. Ne5 Qxd3 26. Nxd3 Rd7 27.
Ne5 Rxd4 28. Rb1 Nfd5 29. Rb7 a5 30. Ra7 a4 31. Rb2 Nc8 32. Rd7 Ncb6 33. Rb7
Nc4 34. Nxc4 Rxc4 35. Ra7 g5 36. Rb5 g4 37. h4 Rfc8 38. Rbb7 R8c7 39. Rb8+ Kh7
40. Raa8 Kg6 41. h5+ Kg5 42. Rh8 f5 43. Rag8 Nf6 44. Rf8 Rc1+ 45. Kh2 R1c2 46.
h6 gxh6 47. Rxh6 Kxh6 48. Rxf6+ Kg5 49. Rxe6 Rxf2 50. Re5 Kf6 51. Ra5 Rcc2 0-1

[Event "4NCL Division Three Bishops"]
[Site "Warwick, ENG"]
[Date "2024.03.10"]
[Round "8.56"]
[White "Jackson, Gary C"]
[Black "Pereslavtsev, Alexandr"]
[Result "0-1"]
[WhiteElo "1911"]
[BlackElo "1696"]
[PlyCount "86"]
[EventDate "2024.03.10"]
[WhiteTeam "Oxford 2"]
[BlackTeam "Brown Jack"]

1. e4 c5 2. Nf3 e6 3. d4 cxd4 4. Nxd4 a6 5. Be3 Nf6 6. f3 Qc7 7. Nc3 b5 8. Qd2
Bb7 9. g4 b4 10. Nce2 h6 11. O-O-O e5 12. Nf5 d5 13. exd5 Nxd5 14. Bf2 Nd7 15.
Bg3 g6 16. Nh4 Rc8 17. Kb1 Ne3 18. Rc1 Nc4 19. Qd3 Ndb6 20. Rd1 Na4 21. Bxe5
Nxe5 22. Qb3 Nb6 23. Nd4 Be7 24. Ndf5 gxf5 25. Nxf5 Bd5 26. Rxd5 Nxd5 27. Bxa6
Rd8 28. Re1 Kf8 29. Kc1 Nf4 30. Kb1 Qd7 31. Rc1 Qe6 32. Qa4 Nxf3 33. Bb5 Nd4
34. Nxd4 Rxd4 35. Qa8+ Rd8 36. Qf3 Qd5 37. Qxf4 Qxb5 38. Rf1 Qd5 39. b3 Bg5 40.
Qxb4+ Kg7 41. Qc3+ Qd4 42. Qf3 Bf6 43. c4 Qb2# 0-1

[Event "4NCL Division Three Bishops"]
[Site "Warwick, ENG"]
[Date "2024.03.10"]
[Round "8.61"]
[White "Longson, Alexander"]
[Black "Madden, Paul"]
[Result "1/2-1/2"]
[WhiteElo "2261"]
[BlackElo "2106"]
[PlyCount "60"]
[EventDate "2024.03.10"]
[WhiteTeam "Greater Woodpushers"]
[BlackTeam "Ashfield 1"]

1. Nf3 f5 2. d3 Nf6 3. e4 d6 4. exf5 Bxf5 5. d4 g6 6. Bc4 d5 7. Bb3 Nc6 8. O-O
Bg7 9. Nc3 Bg4 10. Be3 e5 $11 11. dxe5 Nxe5 12. Nxd5 Nxd5 13. Qxd5 Bxf3 14.
gxf3 Qxd5 15. Bxd5 O-O-O 16. Rad1 c6 17. Be4 Kc7 18. b3 Rd7 19. Rxd7+ Nxd7 20.
a4 b6 21. Rd1 Re8 22. Kg2 a5 23. h4 Be5 24. f4 Bd6 25. Bf3 Nc5 26. Bxc5 Bxc5
$11 27. h5 Rf8 28. hxg6 hxg6 29. Be4 Rxf4 30. f3 g5 1/2-1/2

[Event "4NCL Division Three Bishops"]
[Site "Warwick, ENG"]
[Date "2024.03.10"]
[Round "8.62"]
[White "Cumbers, Paul"]
[Black "Geue, Niklas"]
[Result "1/2-1/2"]
[WhiteElo "2114"]
[BlackElo "2145"]
[PlyCount "92"]
[EventDate "2024.03.10"]
[WhiteTeam "Ashfield 1"]
[BlackTeam "Greater Woodpushers"]

1. e4 e6 2. d4 d5 3. e5 c5 4. c3 Nc6 5. Nf3 Bd7 6. Be2 Nge7 7. Na3 cxd4 8. cxd4
Nf5 9. Nc2 Qb6 10. O-O Rc8 11. Kh1 Be7 12. g4 Nh4 13. Nxh4 Bxh4 14. g5 Ne7 15.
Qd3 Nf5 16. b3 Rxc2 17. Qxc2 Nxd4 18. Qd2 Nxe2 19. Bb2 Bb5 20. a4 Ba6 21. b4
Bc4 22. Rae1 O-O 23. b5 Bxf2 24. Rxe2 Bc5 25. Rf3 Bxe2 26. Qxe2 Qa5 27. Rf4 d4
28. Bxd4 Qxa4 29. Bxc5 Qxf4 30. Bxf8 Qc1+ 31. Kg2 Qxg5+ 32. Kf2 Kxf8 33. Qb2
Qe7 34. Qd4 b6 35. Ke2 g6 36. h4 Kg7 37. h5 Qg5 38. hxg6 hxg6 39. Kd3 Qg2 40.
Kc3 Qd5 41. Qf4 Qc5+ 42. Kd2 Qe7 43. Kc2 Kg8 44. Kb3 Qc5 45. Ka4 Qc3 46. Qxf7+
Kxf7 1/2-1/2

[Event "4NCL Division Three Bishops"]
[Site "Warwick, ENG"]
[Date "2024.03.10"]
[Round "8.63"]
[White "Longson, Sarah N"]
[Black "Mercs, Peter J"]
[Result "1-0"]
[WhiteElo "2087"]
[BlackElo "2021"]
[PlyCount "115"]
[EventDate "2024.03.10"]
[WhiteTeam "Greater Woodpushers"]
[BlackTeam "Ashfield 1"]

1. e4 c5 2. Nc3 d6 3. Bb5+ Nc6 4. Bxc6+ bxc6 5. f4 g6 6. Nf3 Bg7 7. O-O Nh6 8.
d3 O-O 9. Qe1 f6 10. Qh4 Nf7 11. Ne2 d5 12. Qf2 d4 13. Ng3 Rb8 14. b3 e6 15. a4
Re8 16. Ba3 Bf8 17. Nd2 Ba6 18. f5 Bh6 19. Kh1 Be3 20. Qe2 Qd6 21. fxg6 hxg6
22. Rxf6 Kg7 23. e5 Qxe5 24. Nde4 Rh8 25. h3 Nd6 26. Qg4 Rh6 27. Rxe6 Nxe4 28.
Nxe4 Bc8 29. Rxe5 Bxg4 30. Re7+ Kh8 31. Rf1 Bf5 32. Nd6 Rh7 33. Rxh7+ Kxh7 34.
Nxf5 gxf5 35. Rxf5 c4 36. b4 cxd3 37. cxd3 a6 38. g4 Bd2 39. Rc5 Bxb4 40. Bxb4
Rxb4 41. Rxc6 Rxa4 42. Rd6 a5 43. Kg2 Rb4 44. Kf3 a4 45. Ra6 Rb3 46. Ke4 Rb2
47. Rxa4 Rh2 48. Rxd4 Rxh3 49. Rd6 Rh1 50. d4 Re1+ 51. Kf5 Kg7 52. d5 Rf1+ 53.
Kg5 Kf7 54. Ra6 Rd1 55. Ra7+ Ke8 56. Kf6 Rxd5 57. Ke6 Rd8 58. Rh7 1-0

[Event "4NCL Division Three Bishops"]
[Site "Warwick, ENG"]
[Date "2024.03.10"]
[Round "8.64"]
[White "Coates, David H"]
[Black "Smith, Alan A"]
[Result "1-0"]
[WhiteElo "2031"]
[BlackElo "2174"]
[PlyCount "83"]
[EventDate "2024.03.10"]
[WhiteTeam "Ashfield 1"]
[BlackTeam "Greater Woodpushers"]

1. d4 Nf6 2. c4 c5 3. d5 e5 4. Nc3 d6 5. e4 Nbd7 6. Nf3 Be7 7. Bd3 O-O 8. h3
Re8 9. Be3 Nf8 10. O-O Ng6 11. Re1 Nh5 12. Bf1 Bf8 13. a3 Bd7 14. b4 b6 15. g3
Nf6 16. Kh2 h6 17. Nd2 Nh7 18. Bg2 Be7 19. Rf1 Rf8 20. Qc2 Kh8 21. b5 h5 22.
Nb3 h4 23. a4 Bg5 24. Qd2 Qf6 25. a5 Nf4 26. g4 Nxg2 27. Kxg2 Bf4 28. f3 g5 29.
Ra2 Rfd8 30. Rfa1 Rab8 31. axb6 axb6 32. Ra7 Nf8 33. Ne2 Bxe3 34. Qxe3 Ng6 35.
Nbc1 Kg7 36. Nd3 Be8 37. Qd2 Nf4+ 38. Ndxf4 exf4 39. Qc3 Rd7 40. Rxd7 Bxd7 41.
Ra7 Be8 42. Kf2 1-0

[Event "4NCL Division Three Bishops"]
[Site "Warwick, ENG"]
[Date "2024.03.10"]
[Round "8.65"]
[White "Rawlinson, Aidan M"]
[Black "Naylor-Eade, Michael A"]
[Result "1/2-1/2"]
[WhiteElo "2123"]
[BlackElo "2031"]
[PlyCount "123"]
[EventDate "2024.03.10"]
[WhiteTeam "Greater Woodpushers"]
[BlackTeam "Ashfield 1"]

1. d4 d5 2. c4 e6 3. Nf3 Nf6 4. g3 Bb4+ 5. Bd2 Be7 6. Bg2 O-O 7. O-O Nbd7 8.
Qc2 Ne4 9. Nc3 Nxd2 10. Nxd2 c6 11. e4 dxc4 12. Nxc4 Nb6 13. Nxb6 Qxb6 14. Rfd1
Rd8 15. Na4 Qa5 16. e5 Bd7 17. Nc5 Qc7 18. Rac1 Bxc5 19. Qxc5 Qb6 20. Rd2 Be8
21. Qc3 Rd7 22. a3 a5 23. Qc5 Qxc5 24. Rxc5 f6 25. f4 Bg6 26. Kf2 a4 27. Rc1
fxe5 28. fxe5 Ra5 29. Ke3 Rb5 30. Bf3 Rf7 31. Bd1 Rf1 32. Rc4 Re1+ 33. Kf4 h6
34. Bxa4 Re4+ 35. Kf3 Rbxe5 36. dxe5 Rxc4 37. Bb3 Bh5+ 38. Ke3 Rc5 39. Kd4 Ra5
40. Bxe6+ Kf8 41. Bc8 Rd5+ 42. Kc3 Rc5+ 43. Kb4 Rb5+ 44. Kc4 Be8 45. e6 Ke7 46.
b4 b6 47. Bd7 Rh5 48. Bxe8 b5+ 49. Kb3 Kxe8 50. Rc2 Ke7 51. Rxc6 Rxh2 52. Rc7+
Kf6 53. Rf7+ Kg6 54. Rb7 Rh3 55. Rxb5 Rxg3+ 56. Kc4 Kf6 57. a4 g5 58. a5 Ra3
59. Re5 Ke7 60. Kb5 g4 61. Rh5 Rh3 62. Re5 $11 1/2-1/2

[Event "4NCL Division Three Bishops"]
[Site "Warwick, ENG"]
[Date "2024.03.10"]
[Round "8.66"]
[White "Garnett, John S"]
[Black "Zhu, Yaoyao"]
[Result "0-1"]
[WhiteElo "1950"]
[BlackElo "2077"]
[PlyCount "64"]
[EventDate "2024.03.10"]
[WhiteTeam "Ashfield 1"]
[BlackTeam "Greater Woodpushers"]

1. d4 d5 2. c4 e6 3. cxd5 exd5 4. Nc3 c6 5. Bf4 Bd6 6. Bxd6 Qxd6 7. e3 Bf5 8.
Bd3 Bxd3 9. Qxd3 Nf6 10. Nf3 O-O 11. O-O Qe7 12. Rab1 Nbd7 13. b4 a6 14. a4 b5
15. Qc2 Rfc8 16. Qb3 Nb6 17. axb5 axb5 18. Ra1 Nc4 19. Rfd1 Ne8 20. Ne1 Ned6
21. Nd3 Qg5 22. Ra2 Nf5 23. Rda1 Rxa2 24. Rxa2 Ncxe3 25. Ne1 Nxd4 26. Qb1 Nxg2
27. Nxg2 Nf3+ 28. Kh1 Qe5 29. Nf4 Qxf4 30. Kg2 Qg4+ 31. Kf1 Re8 32. Ne2 Qh3#
0-1